书目信息 |
| 题名: |
孕产乳母食品
|
|
| 作者: | 邵玉芬 著 | |
| 分册: | ||
| 出版信息: | 北京 中国轻工业出版社 2001.06 |
|
| 页数: | 285页 | |
| 开本: | 19cm | |
| 丛书名: | 现代食品丛书 | |
| 单 册: | ||
| 中图分类: | TS218 | |
| 科图分类: | ||
| 主题词: | 粮食加工--食品工业 , 粮食加工 | |
| 电子资源: | ||
| ISBN: | 7-5019-3154-2 | |
| 000 | 00670nam0 2200241 450 | |
| 001 | 0758194447 | |
| 005 | 20071215142007.92 | |
| 010 | @a7-5019-3154-2@dCNY20.00 | |
| 100 | @a20071117d2001 km y0chiy0120 ea | |
| 101 | 0 | @achi |
| 102 | @aCN@b110000 | |
| 200 | 1 | @a孕产乳母食品@Ayun chan ru mu shi pin@f邵玉芬等著@Fshao yu fen deng zhu |
| 210 | @a北京@c中国轻工业出版社@d2001.06 | |
| 215 | @a285页@d19cm | |
| 225 | 2 | @a现代食品丛书 |
| 410 | 0 | @12001 @a现代食品丛书 |
| 606 | 0 | @a粮食加工@x食品工业 |
| 606 | 0 | @a粮食加工 |
| 690 | @aTS218@v4 | |
| 701 | 0 | @a邵玉芬@Ashao yu fen@4著 |
| 801 | 0 | @aCN@bNISOFT@c20071215 |
| 905 | @aBZT@dTS218@e6 | |
| 906 | @dCNY20.00@n0@r1 | |
| 孕产乳母食品/邵玉芬等著.-北京:中国轻工业出版社,2001.06 |
| 285页;19cm.-(现代食品丛书) |
| ISBN 7-5019-3154-2:CNY20.00 |
| ● |
| 相关链接 |
|
|
|
正题名:孕产乳母食品
索取号:TS218/6
 
预约/预借
| 序号 | 登录号 | 条形码 | 馆藏地/架位号 | 状态 | 备注 |
| 1 | 637515 | 2000637515 | 中心书库中库/ 中库025架A面4列6层42/ [索取号:TS218/6] | 在馆 | |
| 2 | 637516 | 2000637516 | 中心书库中库/ 中库025架A面4列6层44/ [索取号:TS218/6] | 在馆 | |
| 3 | 637517 | 2000637517 | 中心书库中库/ 中库025架A面4列6层35/ [索取号:TS218/6] | 在馆 | |
| 4 | 637518 | 2000637518 | 中心书库中库/ 中库025架A面4列6层36/ [索取号:TS218/6] | 在馆 | |
| 5 | 637519 | 2000637519 | 中心书库中库/ 中库025架A面4列6层37/ [索取号:TS218/6] | 在馆 | |
| 6 | 637520 | 2000637520 | 中心书库中库/ 中库025架A面4列6层38/ [索取号:TS218/6] | 在馆 | |
| 7 | 637521 | 2000637521 | 中心书库中库/ 中库025架A面4列6层39/ [索取号:TS218/6] | 在馆 | |
| 8 | 637522 | 2000637522 | 中心书库中库/ 中库025架A面4列6层40/ [索取号:TS218/6] | 在馆 | |
| 9 | 637523 | 2000637523 | 中心书库中库/ 中库025架A面4列6层43/ [索取号:TS218/6] | 在馆 | |
| 10 | 637524 | 2000637524 | 中心书库中库/ 中库025架A面4列6层41/ [索取号:TS218/6] | 在馆 |